000 00748cam a2200241 4500
001 7852
003 BJBSDDR
005 20240621124226.0
007 ta
008 060907s2003 dr spa
020 _a9993432237
020 _a9789993432234
040 _bspa
_cBJBSDDR
041 _aspa
050 1 4 _a118 PQ 7409
_bV443v 2003
100 1 _aVeloz Maggiolo, Marcio,
_d1936-2021
_99439
245 1 3 _aLa vida no tiene nombre :
_bnovela sobre la intervención norteamericana /
_cMarcio Veloz Maggiolo
260 _aSanto Domingo, República Dominicana :
_bEditora Cole,
_c2003
300 _a87 páginas :
_bilustraciones ;
_c22 cm.
650 4 _aLiteratura dominicana
_92261
650 4 _aNovela dominicana
_94589
942 _2lcc
_cBK
999 _c20780
_d20780